Basic electrical engineering (Record no. 7166)

000 -LEADER
fixed length control field 00658nam a2200217 4500
001 - CONTROL NUMBER
control field 7166
003 - CONTROL NUMBER IDENTIFIER
control field BD-DhUET
008 - FIXED-LENGTH DATA ELEMENTS--GENERAL INFORMATION
fixed length control field 740521s1975 nyua 001 0 eng
020 ## - INTERNATIONAL STANDARD BOOK NUMBER
International Standard Book Number 0070211523
040 ## - CATALOGING SOURCE
Original cataloging agency DLC
Transcribing agency DLC
Modifying agency BD-DhUET
082 00 - DEWEY DECIMAL CLASSIFICATION NUMBER
Classification number 623
Item number FIT/1975
100 1# - MAIN ENTRY--PERSONAL NAME
Personal name Fitzgerald, A. E.
245 10 - TITLE STATEMENT
Title Basic electrical engineering
Remainder of title circuits,electronics,machines,control
Statement of responsibility, etc. by A. E. Fitzgerald, David E. Higginbotham and Arvin Grabel
250 ## - EDITION STATEMENT
Edition statement 4th ed.
260 ## - PUBLICATION, DISTRIBUTION, ETC. (IMPRINT)
Place of publication, distribution, etc. New York
Name of publisher, distributor, etc. McGraw-Hill
Date of publication, distribution, etc. 1975
300 ## - PHYSICAL DESCRIPTION
Extent xiv, 817 p.
Other physical details illus.
Dimensions 24 cm.
650 #0 - SUBJECT ADDED ENTRY--TOPICAL TERM
Topical term or geographic name as entry element Electricity : Engineering
700 ## - ADDED ENTRY--PERSONAL NAME
Personal name Higginbotham, David E.
700 ## - ADDED ENTRY--PERSONAL NAME
Personal name Grabel, Arvin
942 ## - ADDED ENTRY ELEMENTS (KOHA)
Koha item type General Book
Holdings
Koha date last seen Piece designation (barcode) Location (home branch) Koha item type Withdrawn status Date acquired Koha date last borrowed Lost status Koha normalized classification for sorting Damaged status Source of classification or shelving scheme Not for loan Price effective from Sublocation or collection (holding branch) Shelving location Copy number Koha issues (times borrowed) Koha full call number
2018-08-0465364Central Library, BUETGeneral Book 2014-12-072018-07-21 623PIT1975   2014-12-07Central Library, BUETCirculation section11623/PIT/1975
2015-03-1243309Central Library, BUETGeneral Book 2015-03-12  623_000000000000000_PIT_1975   2015-03-12Central Library, BUETCirculation section2 623/PIT/1975
2015-03-1243314Central Library, BUETGeneral Book 2015-03-12  623_000000000000000_PIT_1975   2015-03-12Central Library, BUETCirculation section3 623/PIT/1975
2015-03-1243676Central Library, BUETGeneral Book 2015-03-12  623_000000000000000_PIT_1975   2015-03-12Central Library, BUETCirculation section4 623/PIT/1975
2015-03-1242843Central Library, BUETGeneral Book 2015-03-12  623_000000000000000_PIT_1975   2015-03-12Central Library, BUETCirculation section5 623/PIT/1975
2015-04-1643308Central Library, BUETGeneral Book 2015-04-16  623_000000000000000_FIT_1975   2015-04-16Central Library, BUETCirculation section6 623/FIT/1975
2015-04-1843316Central Library, BUETGeneral Book 2015-04-18  623_000000000000000_FIT_1975   2015-04-18Central Library, BUETCirculation section7 623/FIT/1975
2015-04-2143310Central Library, BUETGeneral Book 2015-04-21  623_000000000000000_FIT_1975   2015-04-21Central Library, BUETCirculation section8 623/FIT/1975
2015-04-2143677Central Library, BUETGeneral Book 2015-04-21  623_000000000000000_FIT_1975   2015-04-21Central Library, BUETCirculation section9 623/FIT/1975
2015-04-2143313Central Library, BUETGeneral Book 2015-04-21  623_000000000000000_FIT_1975   2015-04-21Central Library, BUETCirculation section10 623/FIT/1975
2015-04-2143307Central Library, BUETGeneral Book 2015-04-21  623_000000000000000_FIT_1975   2015-04-21Central Library, BUETCirculation section11 623/FIT/1975
2015-04-2151101Central Library, BUETGeneral Book 2015-04-21  623_000000000000000_FIT_1975   2015-04-21Central Library, BUETCirculation section12 623/FIT/1975
2015-06-2842841Central Library, BUETReading Item 2015-06-28  623_000000000000000_FIT_1975   2015-06-28Central Library, BUETReading section13 623/FIT/1975
2015-06-2842840Central Library, BUETReading Item 2015-06-28  623_000000000000000_FIT_1975   2015-06-28Central Library, BUETReading section14 623/FIT/1975
2015-06-2843679Central Library, BUETReading Item 2015-06-28  623_000000000000000_FIT_1975   2015-06-28Central Library, BUETReading section15 623/FIT/1975